000
00316nam a22001337a 4500
003
SGT
020
_a
978-0-323-28961-0
082
_a
610.73
_b
W16H
100
_a
HARDING, MARIANN
245
_a
WINNINGHAMS CRITICAL THINKING CASES IN NURSING
260
_a
LOUIS
_b
ELSEVIER
_c
2016
300
_a
722
942
_2
ddc
_c
BK
999
_c
16455
_d
16455